Statistics for 40 x 40 Multiplication Table in 25 Minutes

Click here to take the quiz!

General Stats

  • This quiz has been taken 595 times
  • The average score is 1215 of 1600

Answer Stats

#% Correct
1
100%
2
100%
4
100%
3
99%
5
99%
6
99%
8
99%
9
99%
12
98%
7
98%
10
97%
11
97%
13
97%
14
97%
15
97%
16
97%
40
97%
17
96%
18
96%
20
96%
25
96%
30
96%
35
96%
19
95%
21
95%
22
95%
23
95%
24
95%
26
95%
27
95%
28
95%
32
95%
33
95%
34
95%
36
95%
38
95%
39
95%
44
95%
48
95%
29
94%
31
94%
37
94%
42
94%
46
94%
50
93%
56
93%
60
93%
80
93%
120
92%
45
92%
52
92%
54
92%
58
92%
64
92%
66
92%
70
92%
72
92%
68
91%
75
91%
76
91%
90
91%
100
90%
102
90%
108
90%
160
90%
55
90%
57
90%
62
90%
63
90%
65
90%
74
90%
78
90%
84
90%
88
90%
105
89%
130
89%
51
89%
69
89%
81
89%
96
89%
99
89%
104
88%
110
88%
112
88%
115
88%
132
88%
200
88%
85
88%
92
88%
93
88%
114
87%
117
87%
125
87%
126
87%
128
87%
135
87%
140
87%
144
87%
150
87%
156
87%
170
87%
180
87%
400
87%
49
87%
77
87%
87
87%
111
86%
116
86%
124
86%
136
86%
145
86%
165
86%
190
86%
240
86%
91
86%
95
86%
98
86%
152
85%
155
85%
168
85%
175
85%
185
85%
280
85%
360
85%
119
84%
121
84%
133
84%
138
84%
148
84%
195
84%
210
84%
300
84%
320
84%
440
84%
600
84%
147
83%
154
83%
162
83%
192
83%
204
83%
216
83%
220
83%
260
83%
270
83%
350
83%
380
83%
480
83%
560
83%
800
83%
143
82%
174
82%
182
82%
189
82%
198
82%
222
82%
228
82%
230
82%
250
82%
330
82%
340
82%
390
82%
520
82%
640
82%
1000
81%
153
81%
161
81%
169
81%
186
81%
196
81%
203
81%
224
81%
234
81%
252
81%
290
81%
310
81%
370
81%
420
81%
680
81%
720
81%
760
81%
840
81%
880
81%
1600
80%
176
80%
217
80%
225
80%
231
80%
238
80%
245
80%
266
80%
333
80%
450
80%
500
80%
700
80%
920
80%
1200
79%
171
79%
187
79%
207
79%
208
79%
243
79%
273
79%
275
79%
288
79%
315
79%
540
79%
660
79%
900
79%
960
79%
1040
78%
1080
78%
1120
78%
184
78%
209
78%
232
78%
242
78%
259
78%
306
78%
460
78%
510
78%
570
78%
780
78%
1160
77%
1240
77%
1280
77%
1320
77%
1360
77%
1400
77%
1480
77%
253
77%
256
77%
261
77%
264
77%
272
77%
279
77%
286
77%
297
77%
304
77%
308
77%
312
77%
324
77%
342
77%
351
77%
352
77%
385
77%
429
77%
1440
76%
1520
76%
1560
76%
248
76%
325
76%
336
76%
341
76%
375
76%
396
76%
407
76%
418
76%
444
76%
525
76%
580
76%
620
76%
630
76%
740
76%
296
75%
319
75%
345
75%
363
75%
374
75%
432
75%
690
75%
750
75%
870
75%
221
74%
247
74%
276
74%
384
74%
456
74%
468
74%
490
74%
555
74%
810
74%
930
74%
990
74%
1020
73%
255
73%
285
73%
299
73%
348
73%
372
73%
405
73%
408
73%
425
73%
435
73%
455
73%
465
73%
475
73%
550
73%
585
73%
1050
72%
1110
72%
294
72%
338
72%
364
72%
495
72%
403
71%
416
71%
442
71%
650
71%
1140
70%
1170
70%
322
70%
377
70%
434
70%
462
70%
507
70%
575
70%
850
70%
378
69%
406
69%
448
69%
481
69%
625
69%
675
69%
725
69%
825
69%
494
68%
504
68%
546
68%
775
68%
875
68%
950
68%
392
67%
476
67%
532
67%
595
67%
735
67%
770
67%
925
67%
975
67%
289
66%
414
66%
518
66%
368
65%
441
65%
576
65%
665
65%
323
64%
496
64%
357
63%
464
63%
528
63%
666
63%
777
63%
805
63%
512
62%
624
62%
910
62%
980
62%
399
61%
483
61%
608
61%
1190
60%
361
60%
391
60%
544
60%
567
60%
609
60%
756
60%
798
60%
1260
59%
588
59%
592
59%
672
59%
702
59%
714
59%
1015
58%
1225
58%
437
58%
484
58%
493
58%
527
58%
594
58%
651
58%
819
58%
858
58%
945
58%
1085
57%
1155
57%
459
57%
558
57%
612
57%
682
57%
693
57%
1295
56%
506
56%
522
56%
572
56%
589
56%
646
56%
663
56%
1330
55%
486
55%
551
55%
561
55%
578
55%
629
55%
648
55%
684
55%
741
55%
1365
54%
513
54%
529
54%
638
54%
704
54%
792
54%
888
54%
616
53%
676
53%
703
53%
722
53%
828
53%
836
53%
552
52%
627
52%
713
52%
726
52%
748
52%
814
52%
598
51%
736
51%
667
50%
744
50%
936
50%
999
50%
696
49%
806
49%
897
49%
728
48%
768
48%
832
48%
899
48%
621
47%
644
47%
754
47%
759
47%
782
47%
864
47%
874
47%
837
46%
851
46%
868
46%
816
45%
884
45%
912
45%
1014
44%
988
44%
992
44%
729
43%
783
43%
841
43%
962
43%
784
42%
812
42%
896
42%
928
42%
1023
41%
1054
41%
1092
41%
1209
41%
961
41%
972
41%
1008
40%
1026
40%
1044
40%
1053
40%
1116
40%
891
40%
1024
39%
1147
39%
918
39%
986
39%
1056
38%
1178
38%
1221
38%
1248
38%
1296
38%
924
38%
952
38%
957
38%
1036
37%
1064
37%
1102
37%
1131
37%
1152
37%
1184
37%
1073
36%
1088
36%
1089
36%
1122
36%
1156
36%
1287
36%
1216
35%
1224
35%
1326
35%
1404
35%
1443
35%
1482
35%
1521
35%
1188
34%
1292
34%
1332
34%
1368
34%
1254
33%
1258
33%
1444
33%
1369
31%
1406
31%

Score Distribution

Percentile by Number Answered

Percent of People with Each Score

Your Score History

You have not taken this quiz